Marihuana
| Main Author: | |
|---|---|
| Format: | Book |
| Published: |
Columbus, Ohio :
Charles E. Merrill ,
1971
|
| Subjects: |
MARC
| LEADER | 00000cam a2200000 7i4500 | ||
|---|---|---|---|
| 001 | 0000007107 | ||
| 005 | 20021119093000.0 | ||
| 008 | 021119n | ||
| 020 | |a 0675098343 | ||
| 090 | 0 | 0 | |a HV5822.M3 |b M37 |
| 245 | 0 | 0 | |a Marihuana |c edited by Stanley E. Grupp |
| 260 | 2 | |a Columbus, Ohio : |b Charles E. Merrill , |c 1971 | |
| 300 | |a 302 p. ; ; |c 23 cm. | ||
| 650 | 0 | |a Marijuana | |
| 700 | 0 | |a Grupp, Stanley E. , |e author | |
| 999 | |a 1000027510 |b Book |c OPEN SHELF (30 DAYS) |e Gong Badak Campus | ||
| 999 | |a 1000027511 |b Book |c OPEN SHELF (30 DAYS) |e Gong Badak Campus | ||